01299nam a2200313 i 4500001001000000003000900010005001700019007000300036008003700039020001500076040003400091082002900125100004900154245010000203264008600303300002800389336002700417337003300444338002800477490004100505490006500546500006400611500007400675500003500749504003900784651006700823651004600890651004900936000022049DO-SdBPM20260119101309.0ta100916s2006 dr 001 0 spa d a9945020080 aDO-SdBPMbspacBPMSU erdad  4a972.9303bH557c 20062221 aHernández González, Manuel,eautor4aut.13aLa colonización de la frontera dominicana 1680-1795 /cManuel Vicente Hernández González. aSanto Domingo :bJunta Directiva de la Academia Dominicana de la Historia,c2006. a316 páginas ;c23 cm. atextobtxt2rdacontent asin mediaciónbn2rdamedia avolumenbnc2rdacarrier0 aArchivo General de la Nación,v 250 aAcademia Dominicana de la Historia ;ainvestigaciones v71/5 aIncluye datos biográficos del autor en la contracubierta. aIncluye referencias bibliográficas y notas al pie de las páginas. aIncluye índice onomástico. aBibliografía : páginas 285-289 7aRepública DominicanaxHistoriaxGobierno colonialy1503-1795 7aRepública DominicanaxLimitesxHistoria 4aRepública DominicanaxHistoriayHasta 1944